000 00806nam a2200265 i 4500
001 C2-0332814
003 PPAK
005 20180728132944.0
008 150818s2015 my |||| ||||| | may d
020 _a9789670594453
040 _aPPAK
_beng
_cPPAK
_erda
082 0 4 _a499.2382076
_223
090 0 0 _a499.2382076
_bAQI
_dK
100 0 _aAqiela Maysara,
_eauthor
245 1 0 _aLigat, cergas & pantas (Kata adjektif)
264 1 _aKuala Lumpur :
_bSemarak Murni Enterprise ,
_c2015
300 _a52 pages ;
_c21 cm
336 _2rdacontent
_atext
337 _2rdamedia
_aunmediated
338 _2rdacarrier
_avolume
490 1 _aSiri molek bahasa
650 1 0 _aMalay language - Grammar - Problems, exercises, etc. ; Malay language - Adjective.
830 0 _aSiri molek bahasa
942 _ddc
_cB
999 _c131439
_d131439